| 000 | 02216cam a22004214i 4500 | ||
|---|---|---|---|
| 003 | PE-LiUPU | ||
| 005 | 20250731183438.0 | ||
| 008 | 150706s r 000 0 d | ||
| 020 | _a9786070501722 | ||
| 035 | _a(Sirsi) i9786070501722 | ||
| 040 |
_aPE-LiUPU _bspa _cPE-LiUPU _erda |
||
| 049 | _aPRUA | ||
| 082 | 0 | 4 |
_a720.07 _bA26 _221 |
| 100 | 1 |
_aAerssen, Ignacio van, _eautor. |
|
| 245 | 1 | 0 |
_aArquitectura para niños / _cpor el texto, il. Ignacio van Aerssen, José Antonio Aldrete-Haas ; fots. Diego de Cárdenas, Ónix Avecedo Frómeta. |
| 264 | 1 |
_aMéxico D.F. : _bNoriega Editores, _c2010. |
|
| 300 |
_a48 páginas : _bilustraciones, color ; _c26 cm. |
||
| 336 |
_atext _2rdacontent |
||
| 337 |
_aunmediated _2rdamedia |
||
| 338 |
_avolume _2rdacarrier |
||
| 505 | 0 | _aTodos necesitamos un refugio -- Nos protege del frío, del agua, del calor y también de los enemigos -- Pero, ¿Cómo se hace un refugio -- Hay que imaginar, pensar -- Bocetar, dibujar, corregir -- Diseñar, planificar. y hacer maquetas, es decir ¡construir una idea! -- La naturaleza nos puede ayudar, inspirar -- Hay que relacionarse con el lugar, no se consigue lo mismo en todas partes -- Pero el refugio hay que construirlo -- Estructurarlo -- Tiene que ser sólido y fuerte, resiste, que dure -- ¡Qué no se caiga! -- Resumiendo -- Un refugio nos ayuda a convivir -- Arquitecturas -- Ahora, atrévete tú. | |
| 526 | _aP158 | ||
| 526 | _aP146 | ||
| 526 | _aP17 | ||
| 526 | _aP12 | ||
| 526 | _aP06 | ||
| 541 | _g015-0015390; | ||
| 650 | 1 | 4 |
_aArquitectura _vLiteratura infantil. |
| 700 | 1 |
_aAldrete-Haas, José Antonio, _eautor. |
|
| 700 | 1 |
_aCárdenas, Diego de, _eil. |
|
| 700 | 1 |
_aAvecedo Frómeta, Ónix, _eil. |
|
| 910 |
_cng _d20130606 |
||
| 942 |
_2ddc _cBOOK |
||
| 949 |
_a720.07 A26 _wDEWEY _c1 _i67499 _lCCODEBUL1 _mBUL _p17.00 _r0 _sY _tBOOK _u2015-7-6 _xINGENIERIA _PP06 _o.STAFF. Colección General |
||
| 994 |
_aC0 _bPEPRU |
||
| 596 | _a1 | ||
| 999 |
_a720.07 A26 _wDEWEY _c55130 _i67499 _d55130 _f2021-11-9 _g7 _lCCODEBUL1 _mBUL _p17.00 _q1 _r0 _sY _tBOOK _u2015-7-6 _xINGENIERIA _PP06 _0COMPRA _o.STAFF. Colección General |
||
| 980 |
_81 _gALBERTO SANCHEZ Responsable de Automatización |
||